Poklady kazateľského rečníctva všenauka kresťansko-katolická ... sväzok XX., sväzok XII.

Bibliographic Details
Main Author: Radlinský, Andrej Ľudovít, 1817-1879 (Author)
Format: Book
Language:English
PhysicalDescription:188 s.
Published: Budín Ondrej Radlinský 1861

MARC

LEADER 00000nam a2200000 a 4500
001 vtls001496529
003 SK-MaSNL
005 20260302073822.0
008 240314 000 0 eng
040 |a SNK  |b slo  |c SNK  |e AACR2 
100 1 |a Radlinský, Andrej Ľudovít,  |d 1817-1879  |4 aut  |9 108485 
245 1 0 |a Poklady kazateľského rečníctva  |b všenauka kresťansko-katolická ...  |n sväzok XX., sväzok XII. 
260 |a Budín  |b Ondrej Radlinský  |c 1861 
300 |a 188 s. 
999 |c 1162550  |d 1164480 
952 |a SNK  |b SNK  |y PREZ  |7 0  |p 17A0321763  |o snkSC 950/20/12  |i snk2209/27  |3 Rekatalogizácia  |0 0  |1 0  |4 0  |d 2005-02-21  |l 0  |r 2025-06-04 00:00:00  |w 2026-02-24 
952 |a SNK  |b SNK  |y VYP  |7 0  |p 17A0456464  |o snkSC 950/20/12 D1  |i snkD 4194/61  |8 1  |0 0  |1 0  |4 0  |d 2005-02-22  |l 0  |r 2026-02-24 20:38:18  |w 2026-02-24 
952 |a SNK  |b SNK  |y VYP  |7 0  |p 17A0457980  |o snkSC 950/20/12 D2  |i snkKSF 3653/52  |8 5  |0 0  |1 0  |4 0  |d 2005-02-22  |l 0  |r 2026-02-24 20:38:18  |w 2026-02-24